00778nam a22002291a 450000100060000000300080000600500170001400800410003103500190007204000270009104100130011808200200013110000340015124501700018525000230035526000300037830000360040865000270044470000200047170000190049170000380051021585BD-RjUL20211209000714.0720107s1962 nyu 000 0 eng  a(BD-RjUL)21649 aDLCcDLCdBD-RjULbeng1 aenghger00a901.9bSPO 19621 aSpengler, Oswald,d1880-1936.14aThe decline of the West /can abridged edition by Helmut Werner ; English abridged edition prepared by Arthur Helps from the translation by Charles Francis Atkinson. a[1st American ed.] aNew York :bKnopf,c1962. axxvii, 414, xxviii p. :c25 cm. 0aCivilizationxHistory.1 aWerner, Helmut.1 aHelps, Arthur.1 aAtkinson, Charles Francis,d1880-